000 00438nam a22001697a 4500
005 20180728152942.0
008 160517b xxu||||| |||| 00| 0 eng d
020 _a81-203-2706-3
041 _aeng
082 _b2452
_a658.3
100 _aStephen P. Robbins
_94661
245 _aEssentials of Organizational Behaviour
260 _aNew Delhi
_bPrentice hall of India,
_c2005
300 _a282p,
650 _aManagement
_9241
942 _cBK
999 _c881
_d881